000 00469nam a22001457a 4500
040 _cDLC
082 _a975 MAR 1989 A103 Or.
245 0 0 _a1989 Germantown master plan.
250 _aInterim reference ed.
260 _aSilver Spring, Md. :
_bMaryland-National Capital Park and Planning Commission,
_c[1989]
300 _a2 v. :
_bill. ;
_c28 cm. +
_e2 maps.
650 0 _aCity planning
710 2 _aMaryland-National Capital Park and Planning Commission.
942 _cEK
999 _c14558
_d14558